000 00444nam a22001697a 4500
003 OSt
005 20211020085633.0
008 211020b |||||||| |||| 00| 0 eng d
020 _a0 333 12571 1
040 _cHawassa University
050 _a631.4/FLE
_b2
082 _a631.4/FLE
_b2
100 _aFlegmann,W.A.
_914415
245 _aSoil and Other Growth Media
260 _aNew York
_bThe Macmillan Press LTD
_c1975
942 _2ddc
_cBOOKS
_n0
999 _c13525
_d13525